000 01178 a2200181 4500
003 Nust
005 20221205101050.0
040 _cNust
082 _a621.381535,FRO
100 _aFrost-Smith, Edward Hilary
_9104036
245 _aThe Theory and Design of Magnetic Amplifiers /
_cE. H. Frost-Smith
260 _aChapman & Hall
_bLondon
_c1966
300 _axvii, 487 p
_billus
_c22 cm
505 _aIntroduction (Page-1), The Transductor (Page-16), Transient and Steady State Operation of Idealized Transductors (Page-45), The Self-Exited Trasnductor (Page-88), Transductors With Auto-Excitation (Page-123), Transductors With Reactive Loads (Page-154), Closed Loop Control Systems (Page-179), Transient and Frequency Response to Trasnductors (Page-192), High Speed Transductors and Magnetic Amplifiers (Page-232), Balanced Magnetic Amplifier Circuits (Page-267), Low Level Amplification and Multi Stage Amplifiers (Page-306), Magnetic Modulators (Page-346), Construction and Design of Magnetic Amplifiers (Page-359), Applications of Magnetic Amplifiers (Page-417).
600 _aFrost-Smith,Edward Hilary
_9104037
650 _aTelecommunication Engineering.
942 _2ddc
_cBK
999 _c182420
_d182420